THE AMERICAN TRADITION EN LITERATURE (Registro nro. 2829)
[ vista simple ]
| 000 -LEADER | |
|---|---|
| fixed length control field | 00384nam a2200145 a 4500 |
| 001 - CONTROL NUMBER | |
| control field | 2829 |
| 005 - DATE AND TIME OF LATEST TRANSACTION | |
| control field | 20180713182804.0 |
| 008 - FIXED-LENGTH DATA ELEMENTS--GENERAL INFORMATION | |
| fixed length control field | 140415d 000 0 eng d |
| 041 ## - LANGUAGE CODE | |
| Language code of text/sound track or separate title | eng |
| 082 ## - DEWEY DECIMAL CLASSIFICATION NUMBER | |
| Classification number | 810 |
| Item number | AME |
| 245 04 - TITLE STATEMENT | |
| Title | THE AMERICAN TRADITION EN LITERATURE |
| 250 ## - EDITION STATEMENT | |
| Edition statement | 3A ED. |
| 260 ## - PUBLICATION, DISTRIBUTION, ETC. | |
| Place of publication, distribution, etc. | [s.l.] : |
| Name of publisher, distributor, etc. | GROSSET Y DUNLAP, |
| Date of publication, distribution, etc. | [s.f.] |
| 650 14 - SUBJECT ADDED ENTRY--TOPICAL TERM | |
| Topical term or geographic name entry element | LITERATURA AMERICANA |
| Withdrawn status | Lost status | Source of classification or shelving scheme | Damaged status | Not for loan | Collection code | Home library | Current library | Shelving location | Date acquired | Source of acquisition | Inventory number | Total Checkouts | Full call number | Barcode | Date last seen | Date last checked out | Price effective from | Koha item type |
|---|---|---|---|---|---|---|---|---|---|---|---|---|---|---|---|---|---|---|
| Dewey Decimal Classification | General | Biblioteca Karol Wojtyla | Biblioteca Karol Wojtyla | Sala general | 03/12/2013 | Compra | 151000000000000000032312 | 1 | 810 AME | 13730 | 05/01/2026 | 01/10/2019 | 03/12/2013 | Libro |